Las plantas y el ecosistema

Enregistré dans:
Détails bibliographiques
Auteur principal: Billings, W. D
Format: Livre
Langue:espagnol
Publié: Ciudad de México, México Herrero Hermanos Sucesores 1968
Collection:Fundamentos de la Botánica
Sujets:
Tags: Ajouter un tag
Pas de tags, Soyez le premier à ajouter un tag!

MARC

LEADER 00000nam a2200000 a 4500
001 UCT3566
003 CL-VaPUC
005 20231109090159.0
008 961024e19680800MX |||||||||||||||||spa|d
999 |c 253170  |d 253168 
040 |c Pontificia Universidad Católica de Valparaíso 
082 0 4 |a 581.5 BIL 1968  |2 21 
100 0 |a Billings, W. D  |9 372508 
245 1 4 |a Las plantas y el ecosistema 
260 0 3 |a Ciudad de México, México  |b Herrero Hermanos Sucesores  |c 1968 
300 |a 168 páginas 
490 0 |a Fundamentos de la Botánica 
500 |a Donación del profesor Carlos Pizarro Godoy 
583 |a last modification  |c 19961024 00:00:00  |k Rodrigo Vera 
650 0 |a Botánica  |9 264202 
650 0 |a Ecología   |9 258124 
650 0 |a Ecosistemas  |9 261477 
650 0 |a Ecología vegetal   |9 264247 
650 0 |a Medio ambiente físico  |9 347938 
650 0 |a Plantas  |9 264555 
942 |c BK  |2 ddc 
945 |d 19961024 00:00:00  |a paguirre 
952 |0 0  |1 0  |2 ddc  |4 0  |6 581_500000000000000_BIL_1968  |7 0  |8 A  |9 273805  |a BIBCUR  |b BIBCUR  |d 2019-11-19  |i 177915K  |o 581.5 BIL 1968  |p 177915K  |r 2025-04-22  |t 1  |w 2019-11-19  |y BK  |k BIO